000 01536nam a2200313 c 4500
003 BLK
005 20180422102209.0
008 180408b bul|||||r ||||||| ||bul||
010 _aKNG00062702000
040 _aBLK
041 _aBUL
_cBUL
080 _aФармация. Фармакология. Обща терапия. Токсикология. Интензивна терапия
_b615
_x.03(075.8)
_z615.03(075.8)
080 _aФармация. Фармакология. Обща терапия. Токсикология. Интензивна терапия
_b615
_x.015(075.8)
_z615.015(075.8)
100 1 _aВлахов, Витан Даков
_eпърви автор
_9365579
700 1 _aБеловеждов, Николай
_eсъавт.
_9369687
139 _aВлахов, Витан Даков
_bВ 73
245 1 0 _aКлинична фармакология
_bУчебник и ръководство за практ. упражнения за студенти по медицина
_cВитан Даков Влахов; съавт. Николай Беловеждов.
257 _aBGR
260 София
_bМедицина и физкултура
_c1989
300 _a76 с.
_bс табл.
_c24 см
380 _a61
650 4 _aКлинична фармакология - учебници за ВУЗ
_9242395
653 _aфармакология
852 _aЦб 156307
856 4 _qpdf
_u
856 4 _qpdf
_u
942 _cKNG
_n0
944 _aCR
_c14.09.2016
_kИрена_Линкова
944 _aED
_c14.09.2016
_kИрена_Линкова
999 _c58647
_d58647